Thuốc nam dùng trong gia đình

Guardat en:
Dades bibliogràfiques
Autor principal: Lê, Ba
Format: Llibre
Idioma:Undetermined
Publicat: Hà Nội Phụ nữ 2003
Matèries:
Etiquetes: Afegir etiqueta
Sense etiquetes, Sigues el primer a etiquetar aquest registre!
Thư viện lưu trữ: Trung tâm Học liệu Trường Đại học Cần Thơ
LEADER 00555nam a2200205Ia 4500
001 CTU_60544
008 210402s9999 xx 000 0 und d
020 |c 12000 
082 |a 615.882 
082 |b B100 
100 |a Lê, Ba 
245 0 |a Thuốc nam dùng trong gia đình 
245 0 |c Lê Ba, Lê Minh, Hoàng Thủ 
260 |a Hà Nội 
260 |b Phụ nữ 
260 |c 2003 
650 |a Herbs,Folk medicine 
650 |x Therapeutic use 
904 |i Minh,Hải 
980 |a Trung tâm Học liệu Trường Đại học Cần Thơ